00508nam a22001697a 450000700030000000800410000302000180004404000140006204100090007610000240008524500870010926000320019630000200022844000540024863000220030265000140032400170214b xxu||||| |||| 00| 0 eng d a2-85394-803-X aBUACcBUC aFre. aMESPLEDE , Jacques  aCapes externe 1989-1995 , agrégation de physique 1989-1995c/ Jacques Mesplède aRosny : bBréal , c1995. a349 p. c24 cm. a(Problèmes de Chimie avec solutions et annexes) aSCIENCES EXACTES  aPHYSIQUE